书目信息 |
| 题名: |
数据结构与Java教程
|
|
| 作者: | 普里查德, , 卡拉诺, 著 ;文家焱 , 刘伟杰 , 黄丽姬 译 | |
| 分册: | ||
| 出版信息: | 北京 清华大学出版社 2004.11 |
|
| 页数: | 509页 | |
| 开本: | 26cm | |
| 丛书名: | 国外经典教材·计算机科学与技术 | |
| 单 册: | ||
| 中图分类: | TP311.12 | |
| 科图分类: | ||
| 主题词: | JAVA语言--程序设计--高等学校--教材 , 数据结构--高等学校--教材 | |
| 电子资源: | ||
| ISBN: | 7-302-09732-1 | |
| 000 | 01647nam 2200361 450 | |
| 001 | 0110264123 | |
| 005 | 20050618095635.89 | |
| 010 | @a7-302-09732-1@d55.00CNY | |
| 100 | @a20050518d2004 km y0chiy0120 ea | |
| 101 | 1 | @achi@ceng |
| 102 | @aCN@b110000 | |
| 105 | @aa z 000yy | |
| 200 | 1 | @a数据结构与Java教程@Ashu ju jie gou yu Java jiao cheng@f(美) Frank M. Carrano, Janet J. Prichard著@F(mei)Frank M.Carrano,Janet J.Prichard zhu@g文家焱, 刘伟杰, 黄丽姬译@Gwen jia yan,liu wei jie,huang li ji yi |
| 210 | @a北京@c清华大学出版社@d2004.11 | |
| 215 | @a509页@c图@d26cm | |
| 225 | 2 | @a国外经典教材·计算机科学与技术 |
| 305 | @a据最新版翻译 | |
| 306 | @a本书中文简体翻译版由Pearson Education授权清华大学出版社在中国境内出版发行; 2004年11月第1版第2次印刷 | |
| 312 | @a英文并列题名取自封面。 | |
| 314 | @a责任者Carrano规范汉译姓: 卡拉诺 ; 责任者Prichard规范汉译姓: 普里查德 | |
| 330 | @a本书详细介绍了数据间的逻辑关系、存储方式和相关运算。举例说明了在问题求解过程中类和抽象数据类型的作用,论述了抽象数据类型的主要用途,并在实例和习题中使用了递归方法。 | |
| 410 | 0 | @12001 @a国外经典教材·计算机科学与技术 |
| 510 | 1 | @aData abstraction and problem solving with Java,walls and mirrors@zeng |
| 606 | 0 | @aJAVA语言@x程序设计@x高等学校@x教材 |
| 606 | 0 | @a数据结构@x高等学校@x教材 |
| 690 | @aTP311.12@v4 | |
| 701 | 1 | @a普里查德,@Apu li cha de,@bJ. J.@g(Prichard, Janet J.)@4著 |
| 701 | 1 | @a卡拉诺,@Aka la nuo,@bF. M.@g(Carrano, Frank M.)@4著 |
| 702 | 0 | @a文家焱@Awen jia yan@4译 |
| 702 | 0 | @a刘伟杰@Aliu wei jie@4译 |
| 702 | 0 | @a黄丽姬@Ahuang li ji@4译 |
| 801 | 0 | @aCN@bQSSK@c20050618 |
| 905 | @a10447@dTP311.12@eP900 | |
| 数据结构与Java教程/(美) Frank M. Carrano, Janet J. Prichard著/文家焱, 刘伟杰, 黄丽姬译.-北京:清华大学出版社,2004.11 |
| 509页:图;26cm.-(国外经典教材·计算机科学与技术) |
| ISBN 7-302-09732-1:55.00CNY |
| 本书详细介绍了数据间的逻辑关系、存储方式和相关运算。举例说明了在问题求解过程中类和抽象数据类型的作用,论述了抽象数据类型的主要用途,并在实例和习题中使用了递归方法。 |
| ● |
| 相关链接 |
|
|
|
正题名:数据结构与Java教程
索取号:TP311.12/P900
 
预约/预借
| 序号 | 登录号 | 条形码 | 馆藏地/架位号 | 状态 | 备注 |
| 1 | 522948 | 205229484 | 自科库301/301自科库 39排4列5层/ [索取号:TP311.12/P900] | 在馆 | |
| 2 | 522949 | 205229493 | 期刊室512/301自科库 39排4列5层/ [索取号:TP311.12/P900] | 在馆 | |
| 3 | 522950 | 205229509 | 期刊室512/301自科库 39排4列5层/ [索取号:TP311.12/P900] | 在馆 |